| 000 | 00799nam a2200229 a 4500 | ||
|---|---|---|---|
| 003 | MX-MxUPN | ||
| 005 | 20240924071320.0 | ||
| 008 | 991125s1963 mx r 000 0 spa d | ||
| 035 | _aUPN01000013440 | ||
| 040 |
_aMX-MxUPN _bspa _cMX-MxUPN |
||
| 041 | 0 | _aspa | |
| 050 | 4 |
_aAC75 _bT4.2 no.2 |
|
| 100 | 1 |
_aMartínez, José Luis, _d1918-2007 _930331 |
|
| 245 | 1 | 0 | _aDe la naturaleza y carácter de la literatura mexicana |
| 260 |
_aMéxico : _bSEP, Instituto Federal de Capacitación del Magisterio, _c1963. |
||
| 300 | _a78 páginas | ||
| 490 | 0 |
_aTécnica y ciencia ; _v2 |
|
| 500 | _aTambién disponible en la Colección Medina | ||
| 650 | 4 |
_aLiteratura mexicana _xHistoria y crítica _97863 |
|
| 710 | 2 |
_aMuseo Pedagógico Nacional (México) _951335 _epropietario anterior |
|
| 942 |
_2lcc _cLIBRO |
||
| 999 |
_c13440 _d13440 |
||